000 00393nam a22001577a 4500
003 MPLRDC
005 20220104143352.0
008 210129b ||||| |||| 00| 0 eng d
082 _a471.9 CJY
100 _a陈寄影编著
245 _a高传真度扩音机的原理与制作
_c
260 _a
_b大光出版社有限公司
_c1970
300 _b
650 _a
942 _cBK
_o471.9 CJY
999 _c39233
_d39223